LEADER 01719nam 2200553 a 450 001 9910785171003321 005 20171026195700.0 010 $a1-282-63921-8 010 $a9786612639210 010 $a0-472-02694-1 024 7 $a10.3998/mpub.16804 035 $a(CKB)2670000000040633 035 $a(OCoLC)651657327 035 $a(CaPaEBR)ebrary10395632 035 $a(SSID)ssj0000417931 035 $a(PQKBManifestationID)11288464 035 $a(PQKBTitleCode)TC0000417931 035 $a(PQKBWorkID)10380242 035 $a(PQKB)10191666 035 $a(MiAaPQ)EBC3414892 035 $a(MdBmJHUP)muse9727 035 $a(MiU)10.3998/mpub.16804 035 $a(Au-PeEL)EBL3414892 035 $a(CaPaEBR)ebr10395632 035 $a(CaONFJC)MIL263921 035 $a(OCoLC)743201141 035 $a(EXLCZ)992670000000040633 100 $a20000308d2000 uy 0 101 0 $aeng 135 $aurcn||||||||| 181 $ctxt 182 $cc 183 $acr 200 10$aForeign policy and Congress $ean international relations perspective /$fMarie T. Henehan 210 1$aAnn Arbor :$cUniversity of Michigan Press,$dc2000. 215 $a1 online resource (230 p.) 300 $aBibliographic Level Mode of Issuance: Monograph 311 $a0-472-11102-7 320 $aIncludes bibliographical references (p. 189-203) and indexes. 607 $aUnited States$xForeign relations$y20th century 676 $a328.73/0746 700 $aHenehan$b Marie T$01482320 712 02$aMichigan Publishing (University of Michigan) 801 0$bMiU 801 1$bMiU 906 $aBOOK 912 $a9910785171003321 996 $aForeign policy and Congress$93699892 997 $aUNINA LEADER 01088nam0 22002891i 450 001 UON00116707 005 20231205102659.815 100 $a20020107d1977 |0itac50 ba 101 $aeng 102 $aNP 105 $a|||| 1|||| 200 1 $aˆThe ‰Fiscal System of Nepal$fS. K. Singh 210 $aKathmandu$cRatna Pustak Bhandar$d1977 215 $aVIII, 268 p.$d22 cm 606 $aEconomia$xNepal$3UONC011464$2FI 620 $aNP$dKathmandu$3UONL000146 686 $aSI XII$cSubcontinente Indiano - Economia$2A 700 1$aSINGH$bS. K.$3UONV073618$0666761 712 $aRatna Pustak Bhandar$3UONV245919$4650 790 1$aSINHA, S. K.$zSINGH, S. K.$3UONV073619 790 1$aSIMHA, S. K.$zSINGH, S. K.$3UONV073620 801 $aIT$bSOL$c20250711$gRICA 899 $aSIBA - SISTEMA BIBLIOTECARIO DI ATENEO$2UONSI 912 $aUON00116707 950 $aSIBA - SISTEMA BIBLIOTECARIO DI ATENEO$dSI SI XII 012 $eSI SA 12942 5 012 996 $aFiscal System of Nepal$91309009 997 $aUNIOR